000 00425nam a2200169Ia 4500
005 20250423095716.0
008 250422s9999 xx 000 0 und d
020 _a9783527333356
050 _aTS 170 .R34/
100 _aRahse, Wilfried
245 0 _aIndustrial product design of solids and liquids : a practical guide
260 _aWeinheim
260 _bWiley-VCH
260 _c2014
300 _a467 p
942 _cBK
999 _c31091
_d31091